| 000 | 00756nam a2200277uu 4500 | ||
|---|---|---|---|
| 001 | 988476 | ||
| 005 | 20260507072741.0 | ||
| 008 | 060811e20030811 spa | ||
| 020 | _a8434448386 | ||
| 035 | _a988476 | ||
| 035 | _a(OCoLC)52188970 | ||
| 040 | _ccomduadb | ||
| 041 | _aspa | ||
| 082 | 4 | _a658 | |
| 100 | 1 | 0 |
_aArnal Losilla, Jose Carlos _4edt _eedt _9425993 |
| 245 | 1 | 0 | _aCreacion de empresa : los mejores textos |
| 250 | _a1. ed. | ||
| 260 |
_aBarcelona : _bEditorial Ariel, _c2003. |
||
| 300 | _a365 páginas | ||
| 490 | 0 |
_aAriel empresa ; _v9 |
|
| 650 |
_aNuevas empresas - España _9156287 |
||
| 650 |
_aEmpresarios _970934 |
||
| 650 |
_aIndustriales _9107863 |
||
| 650 | 7 |
_aNuevas empresas _2lemb _9168734 |
|
| 942 | _cBOOK | ||
| 999 |
_c385018 _d385018 |
||